Los niños al aire libre y vuestras camaras / (Record no. 97752)

MARC details
000 -LEADER
campo de control de longitud fija 00468cam a2200181 i 4500
001 - NÚMERO DE CONTROL
campo de control 49135
005 - FECHA Y HORA DE LA ÚLTIMA TRANSACCIÓN
campo de control 20230410143218.0
008 - DATOS DE LONGITUD FIJA--INFORMACIÓN GENERAL
campo de control de longitud fija 071106b sp a 000 0 spa
040 ## - FUENTE DE CATALOGACIÓN
Centro catalogador/agencia de origen DRFGD
041 0# - CÓDIGO DE IDIOMA
Código de lengua del texto/banda sonora o título independiente ES
050 14 - SIGNATURA TOPOGRÁFICA DE LA BIBLIOTECA DEL CONGRESO
Número de clasificación bV217n 19?
100 1# - ENTRADA PRINCIPAL--NOMBRE DE PERSONA
Nombre de persona Van Wadenoyen, Hugo
245 1# - MENCIÓN DEL TÍTULO
Título Los niños al aire libre y vuestras camaras /
Mención de responsabilidad, etc. Hugo Van Wadenoyen
260 ## - PUBLICACIÓN, DISTRIBUCIÓN, ETC.
Lugar de publicación, distribución, etc. Barcelona :
Nombre del editor, distribuidor, etc. ediciones omega ,
Fecha de publicación, distribución, etc. [19? ]
300 ## - DESCRIPCIÓN FÍSICA
Extensión 100p:
942 ## - ELEMENTOS DE ENTRADA SECUNDARIOS (KOHA)
Fuente del sistema de clasificación o colocación Clasificación de Library of Congress
Tipo de ítem Koha
946 ## - PROCESAMIENTO DE INFORMACIÓN LOCAL (OCLC)
a lmminaya
Holdings
Estatus retirado Estado de pérdida Fuente del sistema de clasificación o colocación Estado de daño No para préstamo Colección Biblioteca de origen Biblioteca actual Ubicación en estantería Fecha de adquisición Signatura topográfica completa Código de barras Visto por última vez Copia número Tipo de ítem Koha
    Clasificación de Library of Congress     Automatización y Procesos Técnicos Biblioteca Juan Bosch Biblioteca Juan Bosch Automatización y Procesos Técnicos (1er. Piso) 10/04/2023 V217n 19? 00000048937 21/01/2019 1